000 00373nam a22001577a 4500
003 OSt
008 240120b |||||||| |||| 00| 0 eng d
020 _a9780718188863
082 _a158.1
_bMCM
100 _aMcRAVEN, William H
245 _aMake Your Bed
260 _aNew Delhi:
_bPenguin Books,
_c2017.
300 _a130p.
650 _aGeneral Books
942 _2ddc
_cBK
999 _c12181
_d12181